Putera pembela

Bibliographic Details
Main Author: Amril Shah
Format: Book
Published: Selangor : Impiana Publications & Distributors , 2006
Series:Siri kesusasteraan tempatan
Subjects:

MARC

LEADER 00000cam a2200000 7i4500
001 0000000857
005 20151222.0
008 070703
020 |a 9833298192(set) 
020 |a 9833298273 
090 0 0 |a JF   |b MAL 
100 0 |a Amril Shah 
245 1 0 |a Putera pembela   |c Amril Shah 
260 |a Selangor :   |b Impiana Publications & Distributors ,   |c 2006 
440 |a Siri kesusasteraan tempatan 
500 |a Children ages 10-12 years old (pink) 
650 0 |a Malay fiction 
999 |a 0000912803   |b Book   |c Teenagers   |e Cawangan Bandar Tenggara 
999 |a 0000912805   |b Book   |c Teenagers   |e Cawangan Bandar Tenggara 
999 |a 0000960418   |b Book   |c Children Collection   |e Cawangan Bukit Gambir 
999 |a 0000960419   |b Book   |c Children Collection   |e Perbadanan Perpustakaan Awam Johor 
999 |a 0000960420   |b Book   |c Children Collection   |e Cawangan Kota Tinggi